000 00493nam a2200205 a 4500
001 0001-1531
003 ELIB.Books
008 170522 2010 eng
020 _a0825434106
092 _a783
_bOsb
100 _aOsbeck, Kenneth W.
245 _aThe Ministry Of Music
260 _aGrand Rapids
_bKregel
_c1961
300 _a192
_c21.3 cm
650 _aMusic
942 _2ddc
_cBK
990 _a1
998 _aEnglishbooks.elf
_ccat
_e2017-05-22
999 _c11531
_d11531